The noble scholar, jurist, historian


 His Excellency Dr. Abdul Wahhab bin Ibrahim Abu Sulaiman, may Allah have mercy on him.


 He was born in Umm Al-Qura in the year 1356 AH.

الموسوعة اليوسفية في بيان أدلة الصوفية / (Record no. 8195)

MARC details
000 -LEADER
fixed length control field 02497cam a2200325 ia4500
003 - CONTROL NUMBER IDENTIFIER
control field SA-RiAUC
005 - DATE AND TIME OF LATEST TRANSACTION
control field 20250521081403.0
008 - FIXED-LENGTH DATA ELEMENTS--GENERAL INFORMATION
fixed length control field 250519s1999 sy g b 001 0 ara c
024 0# - OTHER STANDARD IDENTIFIER
Standard number or code 00000000985833
024 0# - OTHER STANDARD IDENTIFIER
Standard number or code 00000000971298
040 ## - CATALOGING SOURCE
Original cataloging agency SA-JeALM
Language of cataloging ara
Transcribing agency SA-RiAUC
Modifying agency AE-DuMBRL
Description conventions rda
050 #4 - LIBRARY OF CONGRESS CALL NUMBER
Item number .M84 1999
082 04 - DEWEY DECIMAL CLASSIFICATION NUMBER
Classification number 260
Assigning agency SA-RiAUC
090 ## - LOCALLY ASSIGNED LC-TYPE CALL NUMBER (OCLC); LOCAL CALL NUMBER (RLIN)
Classification number (OCLC) (R) ; Classification number, CALL (RLIN) (NR) 260
Local cutter number (OCLC) ; Book number/undivided call number, CALL (RLIN) م ح م
100 1# - MAIN ENTRY--PERSONAL NAME
Personal name محمد، يوسف خطار،
Dates associated with a name 1963-
Relator term مؤلف.
245 12 - TITLE STATEMENT
Title الموسوعة اليوسفية في بيان أدلة الصوفية /
Statement of responsibility, etc. فضيلة الشيخ يوسف خطار محمد.
250 ## - EDITION STATEMENT
Edition statement الطبعة الثانية.
264 #1 - PRODUCTION, PUBLICATION, DISTRIBUTION, MANUFACTURE, AND COPYRIGHT NOTICE
Place of production, publication, distribution, manufacture دمشق :
Name of producer, publisher, distributor, manufacturer يوسف خطار محمد،
Date of production, publication, distribution, manufacture, or copyright notice 1999.
300 ## - PHYSICAL DESCRIPTION
Extent 2 مجلد ؛
Dimensions 24 سم.
336 ## - CONTENT TYPE
Content type term نص
Content type code txt
Source rdacontent
Materials specified كتاب
337 ## - MEDIA TYPE
Media type term بدون وسيط
Media type code n
Source rdamedia
338 ## - CARRIER TYPE
Carrier type term مجلد
Carrier type code nc
Source rdacarrier
500 ## - GENERAL NOTE
General note يشتمل على كشافات.
504 ## - BIBLIOGRAPHY, ETC. NOTE
Bibliography, etc. note يشتمل على ببليوجرافية.
504 ## - BIBLIOGRAPHY, ETC. NOTE
Bibliography, etc. note يشتمل على إرجاعات ببليوجرافية.
520 ## - SUMMARY, ETC.
Summary, etc. يتناول كتاب (الموسوعة اليوسفية في بيان أدلة الصوفية) والذي قام بتأليفه الشيخ يوسف خطار محمد، موضوع (الصوفية) هذا الكتاب يقول عنه مؤلفه:"إن الأمة الإسلامية في هذا الوقت تعيش في صراع مؤلم بين مؤيد ومنكر، وبين من يقول هذه سنة وهذه بدعة، وبهذا الصراع تركنا المهمة الأساسية ألا وهي أن يكون المسلمون صفا واحدا، كما قال المصطفى صلى الله عليه وسلم (مثل المؤمنين في توادهم وتراحمهم وتعاطفهم مثل الجسد إذا اشتكى منه عضو تداعى له سائر الجسد بالسهر والحمى) وهذا الصراع يتجلى في عدة مسائل لا غير، وكأن المكتبة الاسلامية لاتحوي إلا هذه المسائل، ففكرت أن أحسم هذا الأمر بشكل تام، وذلك بأنني جئت بالأدلة من الكتاب والسنة حتى لا ينكر على أحد وأقطع دابر هذا الأمر نهائيا. وإن جئت بأقوال العلماء والعارفين فإنما أتيت بها على سبيل الاستئناس.
650 #7 - SUBJECT ADDED ENTRY--TOPICAL TERM
Topical term or geographic name entry element التصوف الإسلامي
Source of heading or term aucsh
942 ## - ADDED ENTRY ELEMENTS (KOHA)
Source of classification or shelving scheme Dewey Decimal Classification
Koha item type Books
Suppress in OPAC No
949 ## - LOCAL PROCESSING INFORMATION (OCLC)
a SA-JeALM
d 250519
u osman123
n 1
Holdings
Withdrawn status Lost status Source of classification or shelving scheme Materials specified (bound volume or other part) Damaged status Not for loan Home library Current library Date acquired Total checkouts Full call number Barcode Date last seen Price effective from Koha item type
    Dewey Decimal Classification المجلد الاول (الجزء الاول و الثاني)     DR AbdElwahab Library DR AbdElwahab Library 05/21/2025   260 م ح م 000013481 05/21/2025 05/21/2025 Books